Van Gogh or No? Quiz Stats

 Plays Quiz Updated Mar 31, 2015

Challenge
Share
Tweet
Score 0/22 Timer 10:00
1 Play Today
% Correct
Yes, Van Gogh painted it! Self-Portrait with Grey Felt Hat (1888)
93.5%
Yes, Van Gogh painted it! Starry Night (1889)
92.5%
No, Seurat painted it! A Sunday on La Grande Jatte (1884)
91.6%
Yes, Van Gogh painted it! Bedroom in Arles (1888)
91.5%
No, Monet painted it! Water Lilies (1916)
89.8%
Yes, Van Gogh painted it! Sunflowers (1888)
88.9%
Yes, Van Gogh painted it! Wheatfield with Crows (1890)
88.8%
No, Pissarro painted it! Hay Harvest at Éragny (1901)
87%
No, Monet painted it! Impression, Sunrise (1872)
83.4%
No, Cézanne painted it! The Card Players (1892-1895)
83.3%
No, Gauguin painted it! A Breton landscape (1894)
82.9%
% Correct
No, Monet painted it! The Water Lily Pond (1899)
82.1%
No, Cross painted it! Cypresses at Cagnes (1908)
81.8%
Yes, Van Gogh painted it! Houses in Auvers (1890)
81.4%
Yes, Van Gogh painted it! Night Café in the Place Lamartine in Arles (1888)
81.1%
No, Signac painted it! The Papal Palace Avignon (1909)
79.8%
No, Cézanne painted it! Mont Sainte-Victoire (1887)
78.2%
Yes, Van Gogh painted it! Café Terrace at Night (1888)
77.8%
Yes, Van Gogh painted it! Irises (1889)
70.5%
Yes, Van Gogh painted it! The Church at Auvers (1890)
66.7%
No, Gauguin painted it! Van Gogh Painting Sunflowers (1888)
51.2%
Yes, Van Gogh painted it! The Potato Eaters (1885)
30.2%

You're not logged in!

Compare scores with friends on all Sporcle quizzes.
OR
Log In

You Might Also Like...

Show Comments

Extras

Top Quizzes Today


Score Distribution

Your Account Isn't Verified!

In order to create a playlist on Sporcle, you need to verify the email address you used during registration. Go to your Sporcle Settings to finish the process.

Report this User

Report this user for behavior that violates our Community Guidelines.

Details: